Zvuková stránka hornolužické srbštiny
| Titel: | Zvuková stránka hornolužické srbštiny |
|---|---|
| Verfasser: | |
| In: |
Sorbisches Institut: Lětopis, Band 40, Heft 1 (1993), Seite 25-30, il. 3 alle Artikel anzeigen |
| Veröffentlicht: | 1993 |
| Format: | Aufsatz |
| Sprache: | Sorbisch |
X
alg: 39463766 001A $01999:12-11-16 001B $01999:01-06-17 $t17:57:40.000 001C $06050:19-11-16 $t09:36:04.000 001D $01999:12-11-16 001U $0utf8 001X $00 002@ $0Aox 003@ $0394637666 007A $0394637666 $aHEB 007T $0Herdww009283 010@ $awen 011@ $a1993 021A $aZvuková stránka hornolužické srbštiny 028A $aNovotná-Hůrková $dJiřina 031A $d40 $e1 $h25-30, il. 3 $j1993 039B $aIn $8--Abvc--Sorbisches Institut [Tb1]. Lětopis. - Bautzen : Domowina-Verl., 1992-. - ISSN 0943-2787 $x199300000400001975 $9048608750 045T $a10 $a8,1 $a9,10 lok: 39463766 78 exp: 39463766 78 1 #EPN 201B/01 $020-05-19 $t22:53:19.000 201U/01 $0utf8 203@/01 $0790748134 208@/01 $a12-11-16 $be 209A/01 $a/ $f000 $x00 220C/01 $aTitelaufnehmer: TJ 220C/01 $aHerkunft: IH UWr 244Z/01 $2Trx $#Silesia $#Śląsk $#Sliezsko $#Slezsko $8--Trx--Schlesien $x01 $9391173987 244Z/01 $#Nördliche Lausitz $#Lausitz, Nord $#Markgrafthum Nieder-Lausitz $#Niederlausitz, Landes-Versammlung $#Landes-Versammlung Niederlausitz $#Markgraftum Niederlausitz $74042205-7 $8--Tg1--Niederlausitz $x02 $908511653X 244Z/01 $#Lausitz, Süd $#Südliche Lausitz $74042942-8 $8--Tg1--Oberlausitz $x03 $9085119431 244Z/01 $2Trx $#keeleteadus $#kalbotyra $#Linguistics $#nyelvtudomány $#językoznawstwo $#jazykoveda $#jazykověda $#Linguistik $#lingvistika $8--Trx--Sprachwissenschaft $x04 $939137124X 244Z/01 $2Trx $8--Trx--Zeitschriftenaufsatz $x05 $9391384341 247C/01 $82080>Marburg/Lahn, Herder-Institut, Forschungsbibliothek, Bibliographieportal $9336309341
| LEADER | 00000caa a22000002c 4500 | ||
|---|---|---|---|
| 001 | 394637666 | ||
| 003 | DE-603 | ||
| 005 | 20170601175740.0 | ||
| 007 | tu | ||
| 008 | 161112s1993 xx |||| | u00||u|wen c | ||
| 035 | |a (DE-599)HEB394637666 | ||
| 040 | |a DE-603 |b ger |c DE-603 |d DE-603 | ||
| 041 | |a wen | ||
| 084 | |a 10 |a 8,1 |a 9,10 |2 ssgn | ||
| 100 | 1 | |a Novotná-Hůrková, Jiřina | |
| 245 | 0 | 0 | |a Zvuková stránka hornolužické srbštiny |
| 264 | 0 | |c 1993 | |
| 773 | 0 | 8 | |i In |a Sorbisches Institut |t Lětopis |d Bautzen : Domowina-Verl., 1992- |h 24 cm |x 0943-2787 |g Band 40, Heft 1 (1993), Seite 25-30, il. 3 |w (DE-603)048608750 |w (DE-600)1116990-4 |
| 924 | 0 | |9 2080 |a (DE-603)790748134 |b DE-2080 |c HES |d d |g / | |


